000 00388 a2200169 4500
001 49971
020 _a8508017588
040 _cAnchieta - Bela Vista
100 _aOrthof, Sylvia
240 1 0 _aA vaca mimosa e a mosca Zenilda
_lpor
245 1 0 _aA vaca mimosa e a mosca Zenilda
300 _a32
362 0 _a1999
440 1 _aÁtica
650 4 _aLiteratura infantil
942 _cBK
999 _c49971
_d49971